LEADER 01452nam--2200433---450- 001 990001705710203316 005 20060313153529.0 035 $a000170571 035 $aUSA01000170571 035 $a(ALEPH)000170571USA01 035 $a000170571 100 $a20040527d1982----km-y0itay0103----ba 101 $aita 102 $aIT 105 $a||||||||001yy 200 1 $a<> secolo delle riviste$eLo statuto letterario dal "Baretti" a "Primato"$fGiuseppe Langella 210 $aMilano$cVita e Pensiero$d1982 215 $aIX, 401 p.$d19 cm 225 2 $aLetteratura e cultura dell'Italia Unita$v14 410 0$12001$aLetteratura e cultura dell'Italia Unita$v14 454 1$12001 461 1$1001-------$12001 606 0 $aPeriodici letterari italiani$z1924-1943 676 $a805 700 1$aLANGELLA,$bGiuseppe$0175988 801 0$aIT$bsalbc$gISBD 912 $a990001705710203316 951 $aVI.3. Coll.51/ 8(V B Coll. 33/14)$b18253 L.M.$cV B 951 $aVI.3. Coll.51/ 8a(V B Coll. 33/14a)$b1236592 L.M.$cV B 951 $aVI.3. Coll.51/ 8b(V B Coll. 33/14bis)$b123658 L.M.$cV B 959 $aBK 969 $aUMA 979 $aSIAV2$b10$c20040527$lUSA01$h1427 979 $aSIAV2$b10$c20040527$lUSA01$h1427 979 $aCOPAT2$b90$c20060110$lUSA01$h1106 979 $aCOPAT2$b90$c20060110$lUSA01$h1106 979 $aCOPAT7$b90$c20060313$lUSA01$h1535 996 $aSecolo delle riviste$9518777 997 $aUNISA LEADER 02144nam 2200649 a 450 001 9910480278103321 005 20170816131714.0 010 $a1-5063-1919-X 010 $a1-4522-3155-9 010 $a0-7619-0104-3 010 $a1-4522-6320-5 010 $a0-585-26903-3 035 $a(CKB)111004366768304 035 $a(EBL)1195924 035 $a(SSID)ssj0000125516 035 $a(PQKBManifestationID)11139682 035 $a(PQKBTitleCode)TC0000125516 035 $a(PQKBWorkID)10026931 035 $a(PQKB)11399366 035 $a(MiAaPQ)EBC1195924 035 $a(OCoLC)1007860689 035 $a(StDuBDS)EDZ0000085142 035 $a(EXLCZ)99111004366768304 100 $a20120516d1997 fy| 0 101 0 $aeng 135 $aur|n|---||||| 181 $ctxt 182 $cc 183 $acr 200 10$aCommitment in the workplace$b[electronic resource] $etheory, research, and application /$fJohn P. Meyer and Natalie J. Allen 210 $aThousand Oaks, Calif. ;$aLondon $cSAGE$dc1997 215 $a1 online resource (160 p.) 225 1 $aAdvanced topics in organizational behavior 300 $aDescription based upon print version of record. 311 $a1-322-41965-5 311 $a0-7619-0105-1 320 $aIncludes bibliographical references (p. 125-140) and indexes. 330 8 $a'Commitment in the Workplace' examines the multiple facets of commitment and the links between the various forms of commitment and organizational behaviour. 410 0$aAdvanced topics in organizational behavior. 606 $aEmployee motivation 606 $aEmployee morale 606 $aWork ethic 606 $aOrganizational behavior 608 $aElectronic books. 615 0$aEmployee motivation. 615 0$aEmployee morale. 615 0$aWork ethic. 615 0$aOrganizational behavior. 676 $a658.3 700 $aMeyer$b John P.$f1950-$0116984 701 $aAllen$b Natalie Jean$01051726 801 0$bStDuBDS 801 1$bStDuBDS 906 $aBOOK 912 $a9910480278103321 996 $aCommitment in the workplace$92482450 997 $aUNINA